| 000 | 01580nam0a22003491 4500 | ||
|---|---|---|---|
| 001 | v19\rc\1673952 | ||
| 005 | 20250619014356.0 | ||
| 035 | _a(NLR Aleph) 004780975 | ||
| 090 |
_a4674404 _c4674404 |
||
| 100 | _a20061002d1894 |||y0rusy50 ca | ||
| 101 | 1 |
_arus _cger |
|
| 102 | _aRU | ||
| 105 | _ay z ||||| | ||
| 200 | 1 |
_aРудокопы _d(Obersteiger) _eОперетка в 3 актах _f[Соч.] М. Веста и Л. Гельда _gМуз. Карла Целлера, (комп. "Продавца птиц" и "Бродяг") _gПер. с нем. Н.Н. Киселевича и Г.Е. Фридерихса _zger |
|
| 210 |
_aМосква _cлит. Моск. театр. б-ки С.Ф. Рассохина _dценз. 1894 |
||
| 215 |
_a111 с. _d22 |
||
| 300 | _aПер. также под загл.: "Мартин рудокоп" | ||
| 309 | _aНаписано от руки. Литогр. | ||
| 451 | 0 |
_12001#$aМартин рудокоп _tМартин рудокоп |
|
| 510 | 0 |
_a(Obersteiger) _zger |
|
| 700 | 1 |
_aВест _bМ. _gМориц |
|
| 701 | 1 |
_aГельд _bЛ. _gЛюдвиг |
|
| 702 | 1 |
_4230 _7ca _8rus _aЦеллер _bК. _cкомпозитор _f1842-1898 _gКарл _9205788 _3RU\NLR\AUTH\770205840 |
|
| 702 | 1 |
_aКиселевич _bН.Н. _gНиколай Николаевич _4730 |
|
| 702 | 1 |
_aФридерихс _bГ.Е. _gГеоргий Евстафьевич _4730 |
|
| 801 | 0 |
_aRU _bNLR _gpsbo |
|
| 801 | 0 |
_aRU _bRuMoRGB _2psbo |
|
| 801 | 1 |
_aRU _bProSoft-M _2rusmarc |
|
| 852 |
_aNLR _j18.180.2.90 |
||
| 899 |
_aRuMoRGB _jA 223/550 |
||
| 942 | _cBOOK | ||
| 980 | _aNB | ||